The chronology of ancient India : (Record no. 129421)
[ view plain ]
| 000 -LEADER | |
|---|---|
| fixed length control field | 00754nam a22002177a 4500 |
| 005 - DATE AND TIME OF LATEST TRANSACTION | |
| control field | 20170124110055.0 |
| 010 ## - LIBRARY OF CONGRESS CONTROL NUMBER | |
| LC control number | A-305476 |
| 020 ## - INTERNATIONAL STANDARD BOOK NUMBER | |
| Terms of availability | 225.00 |
| 035 ## - SYSTEM CONTROL NUMBER | |
| System control number | A-305476 |
| 037 ## - SOURCE OF ACQUISITION | |
| Source of stock number/acquisition | Cen Lib/Ret |
| 040 ## - CATALOGING SOURCE | |
| Original cataloging agency | DPL |
| Language of cataloging | EN |
| 082 ## - DEWEY DECIMAL CLASSIFICATION NUMBER | |
| Classification number | 954.01 |
| Item number | AIY |
| 100 ## - MAIN ENTRY--PERSONAL NAME | |
| Personal name | Aiyer, Velandai Gopala |
| 9 (RLIN) | 26321 |
| 245 ## - TITLE STATEMENT | |
| Title | The chronology of ancient India : |
| Statement of responsibility, etc | by Velandai Gopala Aiyer |
| Remainder of title | beginning of the Sat Yuga, Dwaper, Treta, and Kali Yuga with date of Mahabharata / |
| 260 ## - PUBLICATION, DISTRIBUTION, ETC. (IMPRINT) | |
| Place of publication, distribution, etc | Delhi |
| Name of publisher, distributor, etc | Sanjay Prakashan |
| Date of publication, distribution, etc | 1987 |
| 270 ## - ADDRESS | |
| City | Delhi |
| Address | ix/5997, Gandhi Nagar |
| Postal code | 110031 |
| 300 ## - PHYSICAL DESCRIPTION | |
| Extent | vi,191p. |
| Dimensions | 21cm(Hb) |
| 650 ## - SUBJECT ADDED ENTRY--TOPICAL TERM | |
| Topical term or geographic name as entry element | India -- History -- To 324 B.C. |
| 9 (RLIN) | 22963 |
| 650 ## - SUBJECT ADDED ENTRY--TOPICAL TERM | |
| Topical term or geographic name as entry element | India -- History -- 324 B.C.-1000 A.D. |
| 9 (RLIN) | 22964 |
| 942 ## - ADDED ENTRY ELEMENTS (KOHA) | |
| Source of classification or shelving scheme | Dewey Decimal Classification |
| Koha item type | English Books |
| Classification part | 954.01 |
| Call number suffix | AIY |
| Withdrawn status | Lost status | Damaged status | Not for loan | Home library | Current library | Date acquired | Source of acquisition | Cost, normal purchase price | Total Checkouts | Full call number | Barcode | Date last seen | Copy number | Cost, replacement price | Price effective from | Koha item type |
|---|---|---|---|---|---|---|---|---|---|---|---|---|---|---|---|---|
| Central Library | Central Library | 06/07/2015 | Cen Lib/Ret | 225.00 | 954.01 AIY | A-305476 | 06/07/2015 | 1 | 225.00 | 06/07/2015 | English Books |
